Production and Operations Mgt. (Record no. 3486)

MARC details
000 -LEADER
fixed length control field 00388nam a22001697a 4500
005 - DATE AND TIME OF LATEST TRANSACTION
control field 20211007121657.0
008 - FIXED-LENGTH DATA ELEMENTS--GENERAL INFORMATION
fixed length control field 160622b xxu||||| |||| 00| 0 eng d
020 ## - INTERNATIONAL STANDARD BOOK NUMBER
ISBN 978-81-203-2767-2
041 ## - LANGUAGE CODE
Language code of text/sound track or separate title eng
082 ## - DEWEY DECIMAL CLASSIFICATION NUMBER
Item number 8906
100 ## - MAIN ENTRY--AUTHOR NAME
Personal name Panneersel Vam. R.
245 ## - TITLE STATEMENT
Title Production and Operations Mgt.
260 ## - PUBLICATION, DISTRIBUTION, ETC. (IMPRINT)
Name of publisher PHI
300 ## - PHYSICAL DESCRIPTION
Number of Pages 513
650 ## - SUBJECT ADDED ENTRY--TOPICAL TERM
Topical Term Management
942 ## - ADDED ENTRY ELEMENTS (KOHA)
Koha item type Books
Holdings
Lost status Damaged status Collection code Home library Current library Shelving location Date acquired Cost, normal purchase price Full call number Accession Number Koha item type
    MANAGEMENT JRU Library JRU Library SHELF- 68 E 22/06/2016 295.00 8906 8906 Books
    MANAGEMENT JRU Library   SHELF- 68 E 22/06/2016 295.00 8906 8907 Books
    MANAGEMENT JRU Library JRU Library SHELF- 68 E 22/06/2016 295.00 8906 8908 Books
    Reference JRU Library   SHELF-28-E 22/06/2016 295.00 8906 8909 Books
    MANAGEMENT JRU Library JRU Library SHELF-39-E 22/06/2016 295.00 8906 8910 Books
    MANAGEMENT JRU Library JRU Library SHELF-39-E 22/06/2016 295.00 8906 8911 Books
    MANAGEMENT JRU Library JRU Library SHELF- 68 E 22/06/2016 295.00 8906 8912 Books
    MANAGEMENT JRU Library JRU Library SHELF- 68 E 22/06/2016 295.00 8906 8913 Books
      JRU Library   Shelf - 25- G 22/06/2016 295.00 8906 8914 Books